000 00373nam a22001577a 4500
005 20260331130610.0
008 200527b xxu||||| |||| 00| 0 eng d
041 _aeng
082 _a340 BAR-E
100 _aBARE ACT
245 _aTHE EXPLOSIVES ACT,1884 (4- 1884)
260 _aDELHI
_bPROFESSIONALS BOOK PUBLISHERS
300 _a273;p
650 _aMINING
942 _cBK
999 _c6511
_d6509